Представление документа в формате RUSMARC

ПолеНазваниеЗначение
  Тип записи a
  Библиографический уровень a
001 Контрольный номер RU/УОНБ/EK_KRAY/320871919
005 Дата корректировки 20250324122521.1
100 Данные общей обработки __
a Данные общей обработки 20010707d2001 u u0rusy0103 ba
101 Язык документа 0_
a Язык текста rus
200 Заглавие и сведения об ответственности 1_
a Заглавие На земле первых коммунаров
f Первые сведения об ответственности З. Шигапова
210 Выходные данные 1_
d Дата издания 2001
330 Аннотация __
a Аннотация Первая комунна "Солидарность". С. Новая Лава Новоспас. р-на. По призыву В.И. Ленина комунну организовали переселенцы из Швейцарии во главе с Ф. Платтеном.
461 Уровень набора _0
1 2001
a Ульяновская правда
463 Уровень физической единицы _0
1 2000
a 29 мая.
1 210
d 2001
607 Географические рубрики 0_
a Географическое наименование Новая Лава, село (Новоспасский район ; Ульяновская область)
610 Ключевые слова 0_
a Ключевые слова коммуна
610 Ключевые слова 0_
a Ключевые слова переселенцы
610 Ключевые слова 0_
a Ключевые слова Швейцария
686 Индексы других классификаций __
a Классификационный индекс 63.371.3
2 Код системы rubbk
700 Автор _1
a Фамилия Шигапова
b Имя (инициалы) З.
801 Источник записи _0
a Страна RU
b Организация Ульяновская ОНБ
c Дата составления 20010707
g Правила каталогизации PSBO
801 Источник записи _1
a Страна RU
b Организация Ульяновская ОНБ
c Дата составления 20010707
901 Тип документа __
t Тип документа b
938 Служебная информация __
a Имя БД kraeved_work
b Имя библиотеки УОНБ
c Имя АИБС МАРК-SQL
d Номер DOC_ID в БД 15921